000 01656cam a2200373 i 4500
001 120224
005 20230404125744.0
008 150724s2014 fr abd rb 000 0 fre d
020 _a9782091629773
020 _a2091629774
041 0 _afre
050 1 4 _a000 E 18
_bG345 2014
082 0 0 _a970.053
245 0 0 _aGéopolitique des Amériques /
_cAnne-Laure Amilhat-Szary, Jacques Chevalier, Martine Guibert, [et al.] ; ouvrage dirigé par Alain Musset ; ouvrage coordonné par Vincent Thébault.
250 _a4e éd.
260 _aParis :
_bNathan,
_c2014.
300 _a419 p. :
_bill. ;
_c24 cm.
440 0 _aNouveaux continents
500 _aIncludes bibliographical references (p. 415 - 418).
520 _aCe manuel consacré à la géopolitique des Amériques se compose de 24 chapitres courts et très structurés afin d'en rendre la lecture stimulante. Pour chaque chapitre, une courte introduction permet de présenter les contextes et les enjeux, des repères chronologiques, des définitions de termes clés et des cartes viennent éclairer le propos. Des "zooms" offrent des éclairages précis sur des problématiques particulières.
650 0 _aGeopolitics
_zAmerica.
651 0 _aAmerica
_xSocial conditions.
651 0 _aAmerica
_xEconomic conditions.
651 0 _aAmerica
_xRelations.
650 4 _aGeopolítica
_zAmérica.
651 4 _aAmérica
_xRelaciones.
651 4 _aAmérica
_xCondiciones sociales.
700 1 _aAmilhat-Szary, Anne-Laure.
_eaut.
700 1 _aGuibert, Martine.
_edir.
700 1 _aThébault, Vincent.
_ecoord.
700 1 _aMusset, Alain,
_d1959-
942 _2lcc
_cbk
946 _aJaaM
999 _c4004
_d4004